[Event "Women's Baku Chess Olympiad"]
[Site "chess24.com"]
[Date "2016.09.10"]
[Round "8"]
[White "Vargas, Gabriela"]
[Black "Mirza, Diana"]
[Result "1-0"]
[Board "1"]
[WhiteID "3700860"]
[WhiteElo "2050"]
[WhiteTitle "WFM"]
[WhiteCountry "PAR"]
[WhiteFideId "3700860"]
[WhiteEloChange "7"]
[BlackID "2503999"]
[BlackElo "1948"]
[BlackTitle "WCM"]
[BlackCountry "IRL"]
[BlackFideId "2503999"]
[BlackEloChange "-7"]

1. d4 {[%clk 1:30:56]} f5 {[%clk 1:30:52]} 2. Nc3 {[%clk 1:31:09]} Nf6 {[%clk
1:31:01]} 3. Bg5 {[%clk 1:31:25]} d5 {[%clk 1:31:06]} 4. f3 {[%clk 1:31:14]} Nc6
{[%clk 1:14:38]} 5. e3 {[%clk 1:26:34]} e6 {[%clk 1:11:56]} 6. Bb5 {[%clk
1:21:42]} Be7 {[%clk 1:04:08]} 7. f4 {[%clk 1:06:40]} O-O {[%clk 1:02:31]} 8. Nf3
{[%clk 1:02:44]} Ne4 {[%clk 0:59:22]} 9. Bxe7 {[%clk 0:59:12]} Nxe7 {[%clk
0:59:22]} 10. O-O {[%clk 0:58:15]} Bd7 {[%clk 0:58:13]} 11. Bxd7 {[%clk 0:50:48]}
Qxd7 {[%clk 0:58:36]} 12. Ne5 {[%clk 0:51:10]} Qe8 {[%clk 0:56:54]} 13. Qe2
{[%clk 0:47:14]} a6 {[%clk 0:52:36]} 14. Nxe4 {[%clk 0:46:01]} fxe4 {[%clk
0:48:06]} 15. g4 {[%clk 0:42:41]} Ng6 {[%clk 0:47:18]} 16. Nxg6 {[%clk 0:42:49]}
Qxg6 {[%clk 0:47:42]} 17. Kh1 {[%clk 0:43:06]} b6 {[%clk 0:43:36]} 18. Rf2 {[%clk
0:41:36]} c5 {[%clk 0:43:18]} 19. c3 {[%clk 0:42:01]} Qf6 {[%clk 0:35:13]} 20.
Raf1 {[%clk 0:38:23]} Ra7 {[%clk 0:29:25]} 21. f5 {[%clk 0:34:31]} e5 {[%clk
0:29:44]} 22. g5 {[%clk 0:33:53]} Qd6 {[%clk 0:27:58]} 23. dxe5 {[%clk 0:28:21]}
Qxe5 {[%clk 0:28:18]} 24. Rf4 {[%clk 0:23:23]} b5 {[%clk 0:26:31]} 25. Qh5 {[%clk
0:22:31]} Qe8 {[%clk 0:18:27]} 26. g6 {[%clk 0:18:19]} h6 {[%clk 0:18:47]} 27. f6
{[%clk 0:18:44]} Rxf6 {[%clk 0:12:48]} 28. Qxd5+ {[%clk 0:18:46]} Kh8 {[%clk
0:13:00]} 29. Rxf6 {[%clk 0:17:40]} gxf6 {[%clk 0:13:23]} 30. Rxf6 {[%clk
0:17:04]} Rd7 {[%clk 0:05:33]} 31. Qf5 {[%clk 0:16:01]} Kg7 {[%clk 0:04:21]} 32.
Re6 {[%clk 0:15:04]} Qb8 {[%clk 0:02:09]} 33. Qf6+ {[%clk 0:14:49]} Kg8 {[%clk
0:02:33]} 34. Re7 {[%clk 0:08:50]} Rxe7 {[%clk 0:02:11]} 35. Qxe7 {[%clk
0:09:14]} Qf8 {[%clk 0:02:37]} 36. Qh7# {[%clk 0:09:40]} 1-0

[Event "Women's Baku Chess Olympiad"]
[Site "chess24.com"]
[Date "2016.09.10"]
[Round "8"]
[White "Menon Jayadev, Poornima"]
[Black "Perez, Dalila"]
[Result "0-1"]
[Board "2"]
[WhiteID "2501775"]
[WhiteElo "1837"]
[WhiteTitle "WFM"]
[WhiteCountry "IRL"]
[WhiteFideId "2501775"]
[WhiteEloChange "-9"]
[BlackID "3702014"]
[BlackElo "1860"]
[BlackCountry "PAR"]
[BlackFideId "3702014"]
[BlackEloChange "9"]

1. d4 {[%clk 1:30:57]} d5 {[%clk 1:30:52]} 2. c4 {[%clk 1:31:21]} e6 {[%clk
1:31:14]} 3. Nf3 {[%clk 1:31:44]} c6 {[%clk 1:31:33]} 4. Nc3 {[%clk 1:32:03]} Bd6
{[%clk 1:30:31]} 5. e3 {[%clk 1:29:42]} Nf6 {[%clk 1:26:51]} 6. Bd3 {[%clk
1:28:54]} O-O {[%clk 1:26:07]} 7. O-O {[%clk 1:29:10]} Nbd7 {[%clk 1:25:57]} 8.
b3 {[%clk 1:25:57]} a6 {[%clk 1:24:38]} 9. a4 {[%clk 1:22:39]} Rb8 {[%clk
1:22:26]} 10. Qc2 {[%clk 1:18:25]} c5 {[%clk 1:18:08]} 11. cxd5 {[%clk 1:03:17]}
exd5 {[%clk 1:16:21]} 12. Ba3 {[%clk 0:57:11]} b6 {[%clk 1:12:55]} 13. Qe2 {[%clk
0:49:18]} Ra8 {[%clk 0:57:04]} 14. Nh4 {[%clk 0:32:32]} Ne4 {[%clk 0:43:51]} 15.
Nf5 {[%clk 0:15:25]} Ndf6 {[%clk 0:13:07]} 16. Nxe4 {[%clk 0:14:21]} dxe4 {[%clk
0:12:25]} 17. Nxd6 {[%clk 0:12:21]} exd3 {[%clk 0:12:34]} 18. Qxd3 {[%clk
0:12:35]} Qxd6 {[%clk 0:12:59]} 19. h3 {[%clk 0:12:06]} Bb7 {[%clk 0:13:09]} 20.
Rfd1 {[%clk 0:10:56]} Rad8 {[%clk 0:13:21]} 21. Qc2 {[%clk 0:09:59]} Qd5 {[%clk
0:10:11]} 22. f3 {[%clk 0:09:05]} Qg5 {[%clk 0:09:57]} 23. f4 {[%clk 0:07:52]}
Qg3 {[%clk 0:10:11]} 24. Qf2 {[%clk 0:07:52]} Qxf2+ {[%clk 0:10:16]} 25. Kxf2
{[%clk 0:08:19]} Ne4+ {[%clk 0:10:40]} 26. Kf1 {[%clk 0:08:29]} Rfe8 {[%clk
0:10:52]} 27. Rac1 {[%clk 0:07:45]} h6 {[%clk 0:10:44]} 28. g4 {[%clk 0:06:17]}
a5 {[%clk 0:10:26]} 29. Kg1 {[%clk 0:05:03]} Ba6 {[%clk 0:10:09]} 30. Bb2 {[%clk
0:04:50]} Bc8 {[%clk 0:08:22]} 31. Kg2 {[%clk 0:03:57]} f5 {[%clk 0:07:30]} 32.
Kf3 {[%clk 0:03:33]} Bb7 {[%clk 0:07:48]} 33. Ke2 {[%clk 0:03:32]} fxg4 {[%clk
0:05:39]} 34. hxg4 {[%clk 0:03:52]} Nf6 {[%clk 0:05:51]} 35. g5 {[%clk 0:03:01]}
hxg5 {[%clk 0:05:49]} 36. fxg5 {[%clk 0:03:28]} Nd5 {[%clk 0:06:09]} 37. dxc5
{[%clk 0:02:54]} Rxe3+ {[%clk 0:06:12]} 38. Kf2 {[%clk 0:02:11]} Rf8+ {[%clk
0:06:29]} 39. Kg1 {[%clk 0:02:21]} bxc5 {[%clk 0:04:31]} 40. Rxc5 {[%clk
0:32:31]} Rg3+ {[%clk 0:34:47]} 41. Kh2 {[%clk 0:30:51]} Rxg5 {[%clk 0:34:53]}
42. Ba3 {[%clk 0:27:17]} Rf6 {[%clk 0:25:29]} 43. Rd3 {[%clk 0:24:40]} Rfg6
{[%clk 0:24:26]} 44. Bc1 {[%clk 0:20:07]} Rh6+ {[%clk 0:20:44]} 45. Rh3 {[%clk
0:20:21]} Rxh3+ {[%clk 0:21:10]} 46. Kxh3 {[%clk 0:20:39]} Nf4+ {[%clk 0:21:29]}
47. Bxf4 {[%clk 0:20:32]} Rxc5 {[%clk 0:21:58]} 48. Bd2 {[%clk 0:19:10]} Rd5
{[%clk 0:22:03]} 49. Be1 {[%clk 0:19:32]} Rd3+ {[%clk 0:21:20]} 50. Kh4 {[%clk
0:19:25]} Rxb3 {[%clk 0:20:09]} 51. Bxa5 {[%clk 0:19:48]} Bc6 {[%clk 0:20:29]}
52. Bd2 {[%clk 0:19:41]} Bxa4 {[%clk 0:20:50]} 53. Kg5 {[%clk 0:19:39]} Kf7
{[%clk 0:21:02]} 54. Bf4 {[%clk 0:19:13]} Bd7 {[%clk 0:21:09]} 55. Bc1 {[%clk
0:19:01]} Rb4 {[%clk 0:20:49]} 56. Bd2 {[%clk 0:15:37]} Rg4+ {[%clk 0:17:12]} 57.
Kh5 {[%clk 0:15:54]} g6+ {[%clk 0:16:25]} 58. Kh6 {[%clk 0:16:14]} Kf6 {[%clk
0:16:15]} 59. Bc3+ {[%clk 0:16:31]} Kf5 {[%clk 0:16:44]} 60. Be1 {[%clk 0:14:11]}
Rg2 {[%clk 0:16:45]} 61. Kg7 {[%clk 0:13:29]} g5 {[%clk 0:16:54]} 62. Kf7 {[%clk
0:10:03]} g4 {[%clk 0:17:23]} 63. Bb4 {[%clk 0:10:07]} g3 {[%clk 0:17:32]} 64.
Ke7 {[%clk 0:10:07]} Be6 {[%clk 0:17:42]} 65. Bd6 {[%clk 0:09:14]} Rg1 {[%clk
0:18:01]} 66. Bc5 {[%clk 0:09:34]} Rf1 {[%clk 0:18:14]} 0-1

[Event "Women's Baku Chess Olympiad"]
[Site "chess24.com"]
[Date "2016.09.10"]
[Round "8"]
[White "Perez, Leticia"]
[Black "Kruk, Karina"]
[Result "1-0"]
[Board "3"]
[WhiteID "3702073"]
[WhiteElo "1729"]
[WhiteTitle "WCM"]
[WhiteCountry "PAR"]
[WhiteFideId "3702073"]
[WhiteEloChange "11"]
[BlackID "1148184"]
[BlackElo "1766"]
[BlackTitle "WFM"]
[BlackCountry "IRL"]
[BlackFideId "1148184"]
[BlackEloChange "-11"]

1. d4 {[%clk 1:30:57]} Nf6 {[%clk 1:30:52]} 2. c4 {[%clk 1:31:12]} g6 {[%clk
1:31:14]} 3. Nc3 {[%clk 1:31:31]} Bg7 {[%clk 1:31:36]} 4. e4 {[%clk 1:31:55]} d6
{[%clk 1:31:55]} 5. f4 {[%clk 1:32:15]} O-O {[%clk 1:31:50]} 6. Nf3 {[%clk
1:29:00]} c5 {[%clk 1:31:47]} 7. d5 {[%clk 1:29:23]} Bg4 {[%clk 1:31:09]} 8. Be2
{[%clk 1:28:19]} Nbd7 {[%clk 1:21:58]} 9. h3 {[%clk 1:28:26]} Bxf3 {[%clk
1:22:18]} 10. Bxf3 {[%clk 1:28:50]} Ne8 {[%clk 1:19:46]} 11. O-O {[%clk 1:27:49]}
e6 {[%clk 1:19:05]} 12. Be3 {[%clk 1:20:39]} exd5 {[%clk 1:00:24]} 13. cxd5
{[%clk 1:21:02]} a6 {[%clk 1:00:04]} 14. a4 {[%clk 1:17:54]} Nc7 {[%clk 0:58:55]}
15. Qd3 {[%clk 1:12:37]} Rb8 {[%clk 0:58:09]} 16. Ra2 {[%clk 0:59:41]} b5 {[%clk
0:53:28]} 17. axb5 {[%clk 0:54:23]} axb5 {[%clk 0:53:41]} 18. Bf2 {[%clk
0:48:18]} c4 {[%clk 0:35:05]} 19. Qd2 {[%clk 0:45:20]} Re8 {[%clk 0:29:42]} 20.
Ne2 {[%clk 0:38:58]} Ra8 {[%clk 0:16:19]} 21. Rfa1 {[%clk 0:37:08]} Rxa2 {[%clk
0:15:39]} 22. Rxa2 {[%clk 0:37:32]} Bh6 {[%clk 0:13:06]} 23. Ra7 {[%clk 0:36:05]}
Na8 {[%clk 0:03:48]} 24. Qb4 {[%clk 0:33:46]} f5 {[%clk 0:01:56]} 25. exf5 {[%clk
0:31:33]} gxf5 {[%clk 0:00:57]} 26. Qxd6 {[%clk 0:31:12]} Nf6 {[%clk 0:01:26]}
27. Qc6 {[%clk 0:28:35]} Bg7 {[%clk 0:00:33]} 28. d6 {[%clk 0:20:46]} Ne4 {[%clk
0:00:47]} 29. Qb7 {[%clk 0:20:29]} Qf6 {[%clk 0:00:33]} 30. Bd4 {[%clk 0:19:38]}
Nxd6 {[%clk 0:00:35]} 31. Qd5+ {[%clk 0:19:27]} Qe6 {[%clk 0:00:41]} 32. Rxg7+
{[%clk 0:19:19]} Kf8 {[%clk 0:01:10]} 33. Qxe6 {[%clk 0:13:07]} Rxe6 {[%clk
0:01:39]} 34. Rxh7 {[%clk 0:13:18]} Ne4 {[%clk 0:00:35]} 35. Rh8+ {[%clk
0:13:28]} Ke7 {[%clk 0:00:45]} 36. Rxa8 {[%clk 0:13:38]} Nd2 {[%clk 0:00:49]} 37.
Ra7+ {[%clk 0:13:17]} Kd8 {[%clk 0:00:45]} 38. Be5 {[%clk 0:12:45]} Nxf3+ {[%clk
0:00:00]} 1-0

[Event "Women's Baku Chess Olympiad"]
[Site "chess24.com"]
[Date "2016.09.10"]
[Round "8"]
[White "Ui Laighleis, Gearoidin"]
[Black "Avalos, Rosana"]
[Result "1-0"]
[Board "4"]
[WhiteID "2501171"]
[WhiteElo "1795"]
[WhiteTitle "WCM"]
[WhiteCountry "IRL"]
[WhiteFideId "2501171"]
[WhiteEloChange "4"]
[BlackID "3702090"]
[BlackElo "1576"]
[BlackCountry "PAR"]
[BlackFideId "3702090"]
[BlackEloChange "-4"]

1. d4 {[%clk 1:30:57]} Nf6 {[%clk 1:30:52]} 2. Nf3 {[%clk 1:31:17]} g6 {[%clk
1:31:10]} 3. Nbd2 {[%clk 1:31:30]} Bg7 {[%clk 1:31:31]} 4. b3 {[%clk 1:26:04]} d6
{[%clk 1:31:58]} 5. Bb2 {[%clk 1:26:10]} O-O {[%clk 1:32:05]} 6. e3 {[%clk
1:25:37]} Nc6 {[%clk 1:26:24]} 7. Be2 {[%clk 1:24:05]} Bf5 {[%clk 1:14:25]} 8. a3
{[%clk 1:23:53]} Re8 {[%clk 1:11:15]} 9. O-O {[%clk 1:11:23]} e5 {[%clk 1:10:17]}
10. dxe5 {[%clk 1:11:06]} Nxe5 {[%clk 1:08:04]} 11. Rc1 {[%clk 1:02:56]} Ne4
{[%clk 0:48:17]} 12. Nxe5 {[%clk 0:56:30]} Bxe5 {[%clk 0:44:48]} 13. Bxe5 {[%clk
0:56:28]} Rxe5 {[%clk 0:45:08]} 14. Nxe4 {[%clk 0:52:10]} Bxe4 {[%clk 0:43:06]}
15. Bf3 {[%clk 0:49:49]} Qf6 {[%clk 0:41:18]} 16. Bxe4 {[%clk 0:46:09]} Rxe4
{[%clk 0:33:10]} 17. Qd5 {[%clk 0:44:38]} Rae8 {[%clk 0:28:35]} 18. Qxb7 {[%clk
0:40:22]} Rh4 {[%clk 0:15:23]} 19. Qxc7 {[%clk 0:27:28]} Qe5 {[%clk 0:15:37]} 20.
h3 {[%clk 0:20:14]} g5 {[%clk 0:14:14]} 21. Rcd1 {[%clk 0:14:09]} Re6 {[%clk
0:14:06]} 22. Rd4 {[%clk 0:11:52]} g4 {[%clk 0:09:49]} 23. Qd8+ {[%clk 0:11:49]}
1-0

[Event "Women's Baku Chess Olympiad"]
[Site "chess24.com"]
[Date "2016.09.10"]
[Round "8"]
[White "Ramirez, Maria Eugenia"]
[Black "Abarca Gonzalez, Damaris"]
[Result "1-0"]
[Board "1"]
[WhiteID "3301680"]
[WhiteElo "2104"]
[WhiteTitle "WFM"]
[WhiteCountry "BOL"]
[WhiteFideId "3301680"]
[WhiteEloChange "10"]
[BlackID "3409414"]
[BlackElo "2092"]
[BlackTitle "WFM"]
[BlackCountry "CHI"]
[BlackFideId "3409414"]
[BlackEloChange "-10"]

1. e4 {[%clk 1:30:58]} c5 {[%clk 1:30:50]} 2. c3 {[%clk 1:31:20]} g6 {[%clk
1:31:11]} 3. d4 {[%clk 1:31:39]} cxd4 {[%clk 1:31:36]} 4. cxd4 {[%clk 1:32:04]}
d5 {[%clk 1:32:02]} 5. e5 {[%clk 1:32:14]} Bg7 {[%clk 1:32:24]} 6. h3 {[%clk
1:32:17]} h5 {[%clk 1:27:58]} 7. Nc3 {[%clk 1:30:46]} Nc6 {[%clk 1:26:16]} 8. Nf3
{[%clk 1:30:36]} Nh6 {[%clk 1:26:06]} 9. Qb3 {[%clk 1:26:20]} Nf5 {[%clk
1:23:57]} 10. Bb5 {[%clk 1:20:10]} O-O {[%clk 1:22:24]} 11. Qa4 {[%clk 1:10:05]}
Na5 {[%clk 1:14:20]} 12. Bf4 {[%clk 1:00:53]} a6 {[%clk 1:13:33]} 13. Be2 {[%clk
1:00:00]} b5 {[%clk 1:04:15]} 14. Qc2 {[%clk 1:00:03]} Nh6 {[%clk 1:03:49]} 15.
Qd2 {[%clk 1:00:02]} Kh7 {[%clk 1:01:34]} 16. Nxd5 {[%clk 0:53:19]} Bb7 {[%clk
0:55:24]} 17. Ng5+ {[%clk 0:47:24]} Kh8 {[%clk 0:51:59]} 18. Ne3 {[%clk 0:39:15]}
Rc8 {[%clk 0:34:22]} 19. Rh2 {[%clk 0:34:17]} Nc6 {[%clk 0:32:35]} 20. Rd1 {[%clk
0:34:08]} Qd7 {[%clk 0:15:42]} 21. Nf3 {[%clk 0:16:55]} f6 {[%clk 0:13:08]} 22.
e6 {[%clk 0:12:34]} Qd8 {[%clk 0:09:09]} 23. d5 {[%clk 0:10:22]} Ne5 {[%clk
0:09:11]} 24. Bxe5 {[%clk 0:10:38]} fxe5 {[%clk 0:09:32]} 25. Nh4 {[%clk
0:11:01]} Rf6 {[%clk 0:08:35]} 26. g4 {[%clk 0:10:01]} g5 {[%clk 0:05:47]} 27.
Nf3 {[%clk 0:10:15]} Rf4 {[%clk 0:04:05]} 28. Ng2 {[%clk 0:04:43]} Ra4 {[%clk
0:03:45]} 29. Qxg5 {[%clk 0:04:25]} Bxd5 {[%clk 0:03:17]} 30. Ngh4 {[%clk
0:04:11]} Rc2 {[%clk 0:02:34]} 31. Ng6+ {[%clk 0:02:47]} Kh7 {[%clk 0:02:56]} 32.
Bd3 {[%clk 0:02:27]} Bxf3 {[%clk 0:01:15]} 33. Nxe5+ {[%clk 0:02:09]} Kh8 {[%clk
0:00:24]} 34. Nxf3 {[%clk 0:01:42]} Rxb2 {[%clk 0:00:57]} 35. Qg6 {[%clk
0:01:57]} Kg8 {[%clk 0:00:56]} 36. g5 {[%clk 0:01:46]} Rf4 {[%clk 0:00:36]} 37.
gxh6 {[%clk 0:02:06]} 1-0

[Event "Women's Baku Chess Olympiad"]
[Site "chess24.com"]
[Date "2016.09.10"]
[Round "8"]
[White "Gomez Barrera, Javiera Belen"]
[Black "Cordero, Daniela"]
[Result "1-0"]
[Board "2"]
[WhiteID "3418723"]
[WhiteElo "2027"]
[WhiteTitle "WFM"]
[WhiteCountry "CHI"]
[WhiteFideId "3418723"]
[WhiteEloChange "8"]
[BlackID "3301630"]
[BlackElo "1954"]
[BlackTitle "WIM"]
[BlackCountry "BOL"]
[BlackFideId "3301630"]
[BlackEloChange "-8"]

1. e4 {[%clk 1:30:56]} d6 {[%clk 1:30:24]} 2. d4 {[%clk 1:31:12]} Nf6 {[%clk
1:30:41]} 3. Nc3 {[%clk 1:31:35]} g6 {[%clk 1:30:49]} 4. h3 {[%clk 1:31:55]} c6
{[%clk 1:28:20]} 5. a4 {[%clk 1:31:29]} Bg7 {[%clk 1:28:17]} 6. Be3 {[%clk
1:31:27]} O-O {[%clk 1:28:03]} 7. Nf3 {[%clk 1:28:46]} Nbd7 {[%clk 1:24:21]} 8.
a5 {[%clk 1:29:02]} e5 {[%clk 1:20:50]} 9. dxe5 {[%clk 1:29:18]} dxe5 {[%clk
1:21:10]} 10. Qd6 {[%clk 1:29:43]} Re8 {[%clk 1:19:11]} 11. Bc4 {[%clk 1:29:02]}
Bf8 {[%clk 1:04:25]} 12. Qd3 {[%clk 1:28:42]} Qc7 {[%clk 0:51:17]} 13. Ng5 {[%clk
1:27:13]} Re7 {[%clk 0:51:12]} 14. O-O {[%clk 0:45:17]} h6 {[%clk 0:49:32]} 15.
Nxf7 {[%clk 0:42:44]} Rxf7 {[%clk 0:49:57]} 16. Bxf7+ {[%clk 0:43:10]} Kxf7
{[%clk 0:50:19]} 17. Qc4+ {[%clk 0:43:11]} Kg7 {[%clk 0:50:19]} 18. Rfd1 {[%clk
0:40:41]} Bd6 {[%clk 0:39:26]} 19. Qe6 {[%clk 0:20:41]} Bc5 {[%clk 0:26:32]} 20.
g4 {[%clk 0:14:31]} g5 {[%clk 0:17:22]} 21. Qc4 {[%clk 0:09:51]} Bd6 {[%clk
0:10:33]} 22. Qe6 {[%clk 0:05:41]} Ne8 {[%clk 0:08:53]} 23. Qc4 {[%clk 0:02:07]}
Nf8 {[%clk 0:07:30]} 24. Ne2 {[%clk 0:01:59]} Be6 {[%clk 0:07:23]} 25. Qc3 {[%clk
0:02:29]} Kh7 {[%clk 0:07:10]} 26. Ng3 {[%clk 0:02:46]} Ng6 {[%clk 0:06:34]} 27.
Nf5 {[%clk 0:01:45]} Bf8 {[%clk 0:05:20]} 28. Rd2 {[%clk 0:00:52]} Nd6 {[%clk
0:04:52]} 29. Nxd6 {[%clk 0:00:31]} Bxd6 {[%clk 0:05:16]} 30. Rad1 {[%clk
0:00:50]} Be7 {[%clk 0:05:34]} 31. Bc5 {[%clk 0:00:54]} Nh4 {[%clk 0:04:45]} 32.
Bd6 {[%clk 0:00:35]} Bxd6 {[%clk 0:04:58]} 33. Rxd6 {[%clk 0:01:04]} Qf7 {[%clk
0:05:08]} 34. R1d3 {[%clk 0:00:47]} Rf8 {[%clk 0:04:54]} 35. Qd2 {[%clk 0:00:40]}
Kg8 {[%clk 0:03:56]} 36. b3 {[%clk 0:00:31]} Bxg4 {[%clk 0:00:37]} 37. hxg4
{[%clk 0:00:34]} Nf3+ {[%clk 0:00:53]} 38. Rxf3 {[%clk 0:01:01]} Qxf3 {[%clk
0:01:20]} 39. Rxh6 {[%clk 0:00:45]} Qxg4+ {[%clk 0:01:01]} 40. Kf1 {[%clk
0:31:01]} Qf4 {[%clk 0:30:36]} 41. Qxf4 {[%clk 0:30:09]} Rxf4 {[%clk 0:29:07]}
42. a6 {[%clk 0:30:07]} bxa6 {[%clk 0:29:13]} 43. Rxc6 {[%clk 0:30:21]} Kf7
{[%clk 0:23:05]} 44. Rxa6 {[%clk 0:30:05]} Rxe4 {[%clk 0:23:30]} 45. Rxa7+ {[%clk
0:30:29]} Ke6 {[%clk 0:23:52]} 46. Ra4 {[%clk 0:29:36]} Rf4 {[%clk 0:19:22]} 47.
Rxf4 {[%clk 0:29:45]} exf4 {[%clk 0:19:16]} 48. f3 {[%clk 0:27:50]} Kd5 {[%clk
0:18:50]} 49. Kg2 {[%clk 0:28:03]} Kd4 {[%clk 0:18:52]} 50. Kh3 {[%clk 0:28:26]}
1-0

[Event "Women's Baku Chess Olympiad"]
[Site "chess24.com"]
[Date "2016.09.10"]
[Round "8"]
[White "Estrada, Lucia"]
[Black "Jorquera Cabello, Valentina"]
[Result "0-1"]
[Board "3"]
[WhiteID "3301923"]
[WhiteElo "1941"]
[WhiteTitle "WIM"]
[WhiteCountry "BOL"]
[WhiteFideId "3301923"]
[WhiteEloChange "-8"]
[BlackID "3405494"]
[BlackElo "2019"]
[BlackTitle "WIM"]
[BlackCountry "CHI"]
[BlackFideId "3405494"]
[BlackEloChange "8"]

1. d4 {[%clk 1:30:50]} Nf6 {[%clk 1:30:50]} 2. Nf3 {[%clk 1:30:48]} g6 {[%clk
1:31:14]} 3. g3 {[%clk 1:31:01]} Bg7 {[%clk 1:31:23]} 4. Bg2 {[%clk 1:31:16]} d6
{[%clk 1:31:26]} 5. c4 {[%clk 1:31:17]} O-O {[%clk 1:31:47]} 6. Nc3 {[%clk
1:31:00]} Nbd7 {[%clk 1:32:04]} 7. e4 {[%clk 1:30:55]} e5 {[%clk 1:31:19]} 8. O-O
{[%clk 1:30:16]} c6 {[%clk 1:31:24]} 9. h3 {[%clk 1:27:46]} Re8 {[%clk 1:31:01]}
10. Be3 {[%clk 1:26:19]} exd4 {[%clk 1:27:25]} 11. Nxd4 {[%clk 1:26:09]} Nc5
{[%clk 1:27:35]} 12. Qc2 {[%clk 1:24:28]} a5 {[%clk 1:27:03]} 13. Rad1 {[%clk
1:23:22]} Qb6 {[%clk 1:09:45]} 14. Nb3 {[%clk 1:15:23]} Bf8 {[%clk 1:01:28]} 15.
Na4 {[%clk 0:48:22]} Qa7 {[%clk 1:00:55]} 16. Nbxc5 {[%clk 0:43:36]} dxc5 {[%clk
1:01:14]} 17. Rfe1 {[%clk 0:41:29]} Be6 {[%clk 0:26:10]} 18. f4 {[%clk 0:35:55]}
b5 {[%clk 0:14:09]} 19. cxb5 {[%clk 0:33:23]} cxb5 {[%clk 0:14:36]} 20. Nc3
{[%clk 0:30:50]} Rab8 {[%clk 0:05:55]} 21. e5 {[%clk 0:24:55]} b4 {[%clk
0:02:35]} 22. exf6 {[%clk 0:07:45]} bxc3 {[%clk 0:03:04]} 23. Qxc3 {[%clk
0:05:59]} Bxa2 {[%clk 0:01:47]} 24. Bf2 {[%clk 0:05:10]} Rxe1+ {[%clk 0:01:06]}
25. Rxe1 {[%clk 0:05:39]} Qb6 {[%clk 0:00:41]} 26. Re2 {[%clk 0:04:43]} Be6
{[%clk 0:01:04]} 27. Kh2 {[%clk 0:03:54]} Qb5 {[%clk 0:01:00]} 28. Bf3 {[%clk
0:03:28]} c4 {[%clk 0:01:15]} 29. Bd4 {[%clk 0:03:29]} Bb4 {[%clk 0:01:22]} 30.
Qc1 {[%clk 0:03:19]} Qf5 {[%clk 0:01:40]} 31. g4 {[%clk 0:01:18]} Qd3 {[%clk
0:02:01]} 32. Qe3 {[%clk 0:01:41]} Bd6 {[%clk 0:01:05]} 33. Be5 {[%clk 0:01:11]}
Qxe3 {[%clk 0:01:05]} 34. Rxe3 {[%clk 0:01:03]} Rxb2+ {[%clk 0:00:51]} 35. Bxb2
{[%clk 0:01:08]} Bxf4+ {[%clk 0:01:20]} 36. Kg2 {[%clk 0:01:27]} Bxe3 {[%clk
0:01:49]} 37. Bd1 {[%clk 0:01:15]} Bd2 {[%clk 0:01:52]} 38. Bc2 {[%clk 0:01:12]}
c3 {[%clk 0:01:51]} 39. Ba3 {[%clk 0:01:34]} h5 {[%clk 0:00:49]} 40. Kf3 {[%clk
0:31:57]} hxg4+ {[%clk 0:31:01]} 41. hxg4 {[%clk 0:32:25]} Bd7 {[%clk 0:27:43]}
42. Bc5 {[%clk 0:30:08]} Bc1 {[%clk 0:27:04]} 0-1

[Event "Women's Baku Chess Olympiad"]
[Site "chess24.com"]
[Date "2016.09.10"]
[Round "8"]
[White "Fuentes Inzunza, Lesly"]
[Black "Molina, Jessica"]
[Result "1-0"]
[Board "4"]
[WhiteID "3408205"]
[WhiteElo "1840"]
[WhiteCountry "CHI"]
[WhiteFideId "3408205"]
[WhiteEloChange "11"]
[BlackID "3303888"]
[BlackElo "1883"]
[BlackCountry "BOL"]
[BlackFideId "3303888"]
[BlackEloChange "-11"]

1. d4 {[%clk 1:30:56]} Nf6 {[%clk 1:30:11]} 2. Nf3 {[%clk 1:31:13]} b6 {[%clk
1:30:26]} 3. Bf4 {[%clk 1:28:07]} Bb7 {[%clk 1:29:51]} 4. e3 {[%clk 1:27:46]} d6
{[%clk 1:29:54]} 5. c4 {[%clk 1:25:05]} Nbd7 {[%clk 1:29:47]} 6. Nc3 {[%clk
1:22:55]} g6 {[%clk 1:25:46]} 7. Be2 {[%clk 1:20:41]} Bg7 {[%clk 1:26:01]} 8. O-O
{[%clk 1:20:47]} O-O {[%clk 1:25:01]} 9. h3 {[%clk 1:20:51]} Re8 {[%clk 1:23:18]}
10. Bh2 {[%clk 1:19:47]} Ne4 {[%clk 1:15:57]} 11. Nxe4 {[%clk 1:19:34]} Bxe4
{[%clk 1:16:21]} 12. Nd2 {[%clk 1:19:47]} Bb7 {[%clk 1:16:25]} 13. Bf3 {[%clk
1:19:53]} Bxf3 {[%clk 1:16:03]} 14. Nxf3 {[%clk 1:19:41]} c5 {[%clk 1:16:10]} 15.
Qe2 {[%clk 0:51:32]} Rc8 {[%clk 1:01:45]} 16. Rac1 {[%clk 0:51:13]} cxd4 {[%clk
0:56:15]} 17. Nxd4 {[%clk 0:50:16]} Bxd4 {[%clk 0:48:29]} 18. exd4 {[%clk
0:50:15]} e5 {[%clk 0:47:14]} 19. d5 {[%clk 0:49:36]} f5 {[%clk 0:43:39]} 20. b4
{[%clk 0:27:24]} Rc7 {[%clk 0:37:15]} 21. a4 {[%clk 0:25:37]} Qe7 {[%clk
0:34:08]} 22. Qa2 {[%clk 0:25:20]} Rec8 {[%clk 0:29:28]} 23. Rc2 {[%clk 0:16:56]}
Qf7 {[%clk 0:24:48]} 24. Rfc1 {[%clk 0:16:55]} a6 {[%clk 0:24:14]} 25. a5 {[%clk
0:13:48]} bxa5 {[%clk 0:11:28]} 26. Qxa5 {[%clk 0:14:02]} Nf6 {[%clk 0:11:40]}
27. Qxa6 {[%clk 0:12:39]} Nxd5 {[%clk 0:07:47]} 28. Qxd6 {[%clk 0:12:48]} Rc6
{[%clk 0:07:01]} 29. Qxe5 {[%clk 0:10:52]} Nxb4 {[%clk 0:06:43]} 30. Rd2 {[%clk
0:10:40]} Rxc4 {[%clk 0:02:43]} 31. Rcd1 {[%clk 0:10:47]} Rc1 {[%clk 0:01:57]}
32. Bf4 {[%clk 0:10:20]} Rxd1+ {[%clk 0:01:26]} 33. Rxd1 {[%clk 0:10:41]} Re8
{[%clk 0:00:58]} 34. Qb5 {[%clk 0:10:44]} Nc2 {[%clk 0:00:37]} 35. Bh6 {[%clk
0:08:25]} Qe6 {[%clk 0:00:39]} 36. Qb2 {[%clk 0:08:18]} Qf7 {[%clk 0:00:32]} 37.
Qxc2 {[%clk 0:08:34]} Ra8 {[%clk 0:00:31]} 38. Qd3 {[%clk 0:08:07]} Qc7 {[%clk
0:00:35]} 39. Qd5+ {[%clk 0:08:29]} 1-0